Countries of the World in Order of Independence - Statistics

General Stats
  • This quiz has been taken 16 times
  • The average score is 50 of 195
Answer Stats
Date of Independence Country % Correct
843 France
82%
660 BCE Japan
82%
9 July, 2011 South Sudan
82%
25 August, 1991 Belarus
73%
221 BCE China
73%
17 February, 2008 Kosovo
73%
301 San Marino
73%
4 July, 1776 USA
73%
4 October, 1830 Belgium
64%
9 April, 1991 Georgia
64%
6 December, 1921 Ireland
64%
3 June, 2006 Montenegro
64%
24 August, 1991 Russia
64%
1 January, 1993 Slovakia
64%
24 November, 1991 Ukraine
64%
21 September, 1991 Armenia
55%
30 August, 1991 Azerbaijan
55%
3 March, 1992 Bosnia and Herzegovina
55%
7 September, 1822 Brazil
55%
20 July, 1810 Colombia
55%
1 January, 1993 Czech Republic
55%
24 May,1822 Ecuador
55%
1829 Greece
55%
16 December, 1991 Kazakhstan
55%
27 August, 1991 Moldova
55%
8 September, 1991 North Macedonia
55%
14 May, 1811 Paraguay
55%
28 July, 1821 Peru
55%
5 June, 2008 Serbia
55%
25 June, 1991 Slovenia
55%
1 August, 1291 Switzerland
55%
1 May, 1707 UK
55%
5 July, 1811 Venezuela
55%
9 July, 1816 Argentina
45%
6 August, 1825 Bolivia
45%
1 July, 1867 Canada
45%
18 September, 1810 Chile
45%
25 June, 1991 Croatia
45%
24 May, 1993 Eritrea
45%
18 January, 1871 Germany
45%
1 January, 1804 Haiti
45%
14 May, 1948 Israel
45%
21 August, 1991 Kyrgyzstan
45%
16 September, 1810 Mexico
45%
1206 Mongolia
45%
23 January, 1579 Netherlands
45%
1143 Portugal
45%
9 September, 1991 Tajikistan
45%
27 October, 1991 Turkmenistan
45%
1 September, 1991 Uzbekistan
45%
976 Austria
36%
15 September, 1821 Costa Rica
36%
20 May, 1902 Cuba
36%
Circa 980 Denmark
36%
20 May, 2002 East Timor
36%
15 September, 1821 El Salvador
36%
24 February, 1918 Estonia
36%
6 December, 1917 Finland
36%
15 September, 1821 Guatemala
36%
15 September, 1821 Honduras
36%
15 August, 1947 India
36%
17 March, 1861 Italy
36%
6 September, 1991 Latvia
36%
11 March, 1990 Lithuania
36%
1839 Luxembourg
36%
4 January, 1948 Myanmar
36%
15 September, 1821 Nicaragua
36%
14 August, 1947 Pakistan
36%
11 November, 1918 Poland
36%
Circa 1420 Spain
36%
4 February, 1948 Sri Lanka
36%
6 June, 1523 Sweden
36%
25 August, 1825 Uruguay
36%
28 November, 1912 Albania
27%
5 July, 1962 Algeria
27%
1278 Andorra
27%
1 January, 1901 Australia
27%
3 March, 1878 Bulgaria
27%
1001 Hungary
27%
1502 Iran
27%
26 July, 1847 Liberia
27%
1419 Monaco
27%
21 March, 1990 Namibia
27%
1768 Nepal
27%
26 September, 1907 New Zealand
27%
7 June, 1905 Norway
27%
1 October, 1994 Palau
27%
9 May, 1877 Romania
27%
31 May, 1910 South Africa
27%
1238 Thailand
27%
29 October, 1923 Turkey
27%
11 February, 1929 Vatican City
27%
27 February, 1844 Dominican Republic
18%
28 February, 1922 Egypt
18%
6 March, 1957 Ghana
18%
1 December, 1918 Iceland
18%
3 October, 1932 Iraq
18%
12 December, 1963 Kenya
18%
22 November, 1943 Lebanon
18%
23 January, 1719 Liechtenstein
18%
6 July, 1964 Malawi
18%
22 September, 1960 Mali
18%
21 September, 1964 Malta
18%
21 October, 1986 Marshall Islands
18%
2 March, 1956 Morocco
18%
3 August, 1960 Niger
18%
15 August, 1945 North Korea
18%
3 November, 1903 Panama
18%
12 June, 1898 Philippines
18%
4 April, 1960 Senegal
18%
15 August, 1945 South Korea
18%
17 April, 1946 Syria
18%
26 April, 1964 Tanzania
18%
9 October, 1962 Uganda
18%
22 May, 1990 Yemen
18%
24 October, 1964 Zambia
18%
18 April, 1980 Zimbabwe
18%
19 August, 1919 Afghanistan
9%
11 November, 1975 Angola
9%
11 January, 1981 Antigua and Barbuda
9%
15 August, 1971 Bahrain
9%
26 March, 1971 Bangladesh
9%
30 November, 1966 Barbados
9%
1 August, 1960 Benin
9%
8 August, 1949 Bhutan
9%
1 January, 1984 Brunei
9%
5 August, 1960 Burkina Faso
9%
1 January, 1960 Cameroon
9%
5 June, 1975 Cape Verde
9%
11 August, 1960 Chad
9%
1896 Ethiopia
9%
7 September, 1974 Grenada
9%
2 October, 1958 Guinea
9%
24 September, 1973 Guinea Bissau
9%
17 August, 1945 Indonesia
9%
7 August, 1960 Ivory Coast
9%
6 August, 1962 Jamaica
9%
25 May, 1946 Jordan
9%
19 June, 1961 Kuwait
9%
24 December, 1951 Libya
9%
31 August, 1957 Malaysia
9%
28 November, 1960 Mauritania
9%
25 June, 1975 Mozambique
9%
1 October, 1960 Nigeria
9%
1650 Oman
9%
3 September, 1971 Qatar
9%
19 September, 1983 Saint Kitts and Nevis
9%
22 February, 1979 Saint Lucia
9%
27 October, 1979 Saint Vincent and the Grenadines
9%
23 September, 1932 Saudi Arabia
9%
27 April, 1961 Sierra Leone
9%
9 August, 1965 Singapore
9%
1 January, 1956 Sudan
9%
27 May, 1960 Togo
9%
31 August, 1962 Trinidad and Tobago
9%
20 March, 1956 Tunisia
9%
2 November, 1971 UAE
9%
10 July, 1973 Bahamas
0%
21 September, 1981 Belize
0%
30 September, 1966 Botswana
0%
1 July, 1962 Burundi
0%
9 November, 1953 Cambodia
0%
13 August, 1960 CAR
0%
6 July, 1975 Comoros
0%
16 August, 1960 Cyprus
0%
27 June, 1977 Djibouti
0%
3 November, 1978 Dominica
0%
15 August, 1960 DRC
0%
12 October, 1968 Equatorial Guinea
0%
6 September, 1968 Eswatini
0%
10 October, 1970 Fiji
0%
3 November, 1986 FSM
0%
17 August, 1960 Gabon
0%
18 February, 1965 Gambia
0%
26 May, 1966 Guyana
0%
12 July, 1979 Kiribati
0%
19 July, 1949 Laos
0%
4 October, 1966 Lesotho
0%
26 July, 1960 Madagascar
0%
26 July, 1965 Maldives
0%
12 March, 1968 Mauritius
0%
31 January, 1968 Nauru
0%
16 September, 1975 Papua New Guinea
0%
30 June, 1960 Republic of the Congo
0%
1 July, 1962 Rwanda
0%
1 January, 1962 Samoa
0%
12 July, 1975 Sao Tome and Principe
0%
29 June, 1976 Seychelles
0%
7 July, 1978 Solomon Islands
0%
1 July, 1960 Somalia
0%
25 November, 1975 Suriname
0%
4 June, 1970 Tonga
0%
1 October, 1978 Tuvalu
0%
30 July, 1980 Vanuatu
0%
2 September, 1945 Vietnam
0%
No matching quizzes found
Score Distribution
Percent of People with Each Score
Percentile by Number Answered
Your Score History
You have not taken this quiz